| 000 | 00923cam a2200289 i 4500 | ||
|---|---|---|---|
| 999 |
_c62294 _d62294 |
||
| 001 | 62294 | ||
| 003 | Mx-PuUPA | ||
| 005 | 20200814085413.0 | ||
| 008 | 140415s1986 mx r 000 0 spa d | ||
| 020 | _a968495042X | ||
| 040 |
_aMx-PuUPA _bspa _cMx-PuUPA _dMx-PuUPA _erda |
||
| 041 | 0 | _aspa | |
| 100 | 1 |
_aCappelletti, Angel J., _d1927-1995 _eautor |
|
| 245 | 1 | 0 |
_aBakunin y el socialismo libertario / _cAngel J. Cappelletti |
| 250 |
_aPrimera edición / _bnoviembre |
||
| 264 | 4 |
_aMéxico, D.F. : _bEdiciones Minerva, _bEditoria y Distribuidora Leega, _c1986 |
|
| 300 |
_a367 páginas ; _c18 cm. |
||
| 336 |
_atexto _2rdacontent _btxt |
||
| 337 |
_asin medio _2rdamedia _bn |
||
| 338 |
_avolumen _2rdacarrier _bnc |
||
| 600 | 1 | 4 |
_aBakunin, Mikhail Alexandrovich, _d1814-1876 |
| 650 | 4 | _aAnarquismo | |
| 651 | _aBa | ||
| 942 |
_2ddc _cLI _h335.83 _iC236 |
||